Creative Garden Mosaics (Record no. 33147)

MARC details
000 -LEADER
fixed length control field 00470nam a22001817a 4500
005 - DATE AND TIME OF LATEST TRANSACTION
control field 20230726110453.0
008 - FIXED-LENGTH DATA ELEMENTS--GENERAL INFORMATION
fixed length control field 230726b |||||||| |||| 00| 0 eng d
020 ## - INTERNATIONAL STANDARD BOOK NUMBER
ISBN 9781579905996
082 ## - DEWEY DECIMAL CLASSIFICATION NUMBER
Classification number 738.5
Item number MAC-C
100 ## - MAIN ENTRY--AUTHOR
Author Name MacKay
245 ## - TITLE STATEMENT
Title Creative Garden Mosaics
Remainder of title Dazzling Projects & Innovative Techniques
260 ## - PUBLICATION, DISTRIBUTION, ETC.
Place of Publication CHAINA
Name of publisher, distributor, etc. LARK BOOKS
Date of publication, distribution, etc. 2003
300 ## - PHYSICAL DESCRIPTION
Pages 151
500 ## - GENERAL NOTE
General note INCLUIDE INDEX
650 ## - SUBJECT ADDED ENTRY--TOPICAL TERM
Subject / Department Architecture
700 ## - ADDED ENTRY--PERSONAL NAME
Personal name Jill MacKay
952 ## - LOCATION AND ITEM INFORMATION (KOHA)
-- 0
-- 0
Holdings
Lost status Damaged status Permanent Location Current Location Shelving Location Date acquired Full Call Number Accession No./Barcode Date last seen item type
    Superior Information Resource Center (SIRC) Superior University- Central Library Superior Information Resource Center (SIRC) Superior University- Central Library Architecture 07/26/2023 738.5 MAC-C 2003 20263 07/26/2023 BOOK

Powered by Koha